00663nam a2200229 a 4500001001300000003000900013005001700022008004100039020001000080082001300090100002000103245003000123260004900153300000900202500003500211650002400246700002000270902000800290942000700298952011300305999001500418nice12345678IN_TiNIC20260116011958.0070621s1974 mada grp 000 0 eng  ac10000a201bOCO aOconnor, Daniel aTestimony of C.F. Andrews aMadras bChristian Literature Society c1974 a280p aincludes index and biblioraphy aChristian-Biography1 aOconnor, Daniel bSRS cBK 001040708StackRoom-aHMIbHMId2007-06-21g100.00l0o201 OCOp07307r2007-06-21v100.00w2007-06-21yBK c5141d5141